[Event "ROM-ch U12 Girls"]
[Site "Calimanesti"]
[Date "2013.04.02"]
[Round "1"]
[White "Bucur, Denisa Andreea"]
[Black "Sodinca, Iulia Cristiana"]
[Result "1-0"]
[WhiteElo "1539"]
[BlackElo "1190"]
[PlyCount "85"]
[EventDate "2013.04.02"]
[EventType "swiss"]
[EventRounds "9"]
[EventCountry "ROU"]
[SourceTitle "CBM 153 Extra"]
[Source "ChessBase"]
[SourceDate "2013.04.22"]
[SourceVersion "1"]
[SourceVersionDate "2013.04.22"]
[SourceQuality "1"]

1. e4 d6 2. d4 Nf6 3. Nc3 Nc6 4. Bb5 Bd7 5. Nf3 a6 6. Ba4 g6 7. 0-0 Bg7 8. Be3 0-0 9. Qd2 b5 10. Bb3 b4 11. Ne2 Nxe4 12. Qd3 Nf6 13. Ng5 Na5 14. Bxf7+ Rxf7 15. Nxf7 Kxf7 16. a3 bxa3 17. Rxa3 Bb5 18. Qd1 Nc4 19. Ra2 Nxe3 20. fxe3 e6 21. b3 d5 22. Rf3 Kg8 23. Nc3 c6 24. Qa1 Qb6 25. h3 c5 26. Nxb5 Qxb5 27. Ra5 Qb6 28. Rxc5 Ne4 29. Ra5 Bh6 30. Qe1 Rc8 31. Ra2 Qc6 32. Qa5 Ra8 33. Kh1 Qc3 34. Qb6 a5 35. Qxe6+ Kg7 36. Qe5+ Kg8 37. Qxd5+ Kg7 38. Qe5+ Kg8 39. Qd5+ Kg7 40. Qb7+ Kg8 41. Qxa8+ Kg7 42. Qxe4 Qe1+ 43. Kh2 1-0